000 00973nam a2200229Ia 4500
999 _c40522
_d40522
001 7133
003 GE_BSU
005 20230921171139.0
008 181216s2012||||ge |||||||||||||| ||geo||
020 _a9789941194597
040 _cGE_BSU
041 _ageo
080 _a821.353.1-1 გ-85
100 _aგრიშაშვილი, იოსებ
_96813
245 _aპოეზია, 1906-1922 წლები :
_bტ.1 /
_cიოსებ გრიშაშვილი ; სარედ. ჯგუფი : ზურაბ აბაშიძე, მანანა ჯანელიძე, ირმა ხარშილაძე.
264 _aთბილისი :
_bპალიტრა L,
_c2012.
300 _a328 გვ. :
_bფოტო-პორტრეტი გარეკანზე,
_c20 სმ.
490 _aჩემი რჩეული
_vტ 38
_xISSN 2233-3087
541 _h8ლ.
653 _aპოეზია
942 _cBK
_2udc